| 000 | 00671nam a2200217Ia 4500 | ||
|---|---|---|---|
| 003 | OSt | ||
| 005 | 20220925233042.0 | ||
| 006 | a|||||r|||| 00| 0 | ||
| 007 | ta | ||
| 008 | 220923b |||||||| |||| 00| 0 eng d | ||
| 037 | _cGeneral Book | ||
| 040 |
_aRTL _cRTL _beng |
||
| 041 |
_2eng _aeng |
||
| 082 | _ax9(HZ):(Z.N23).N27-N50r, GD F8 | ||
| 110 |
_aCENTRAL PROVINCES AND BERAR _9298219 |
||
| 245 | 0 | _aReport on the indian mines act 1927-50. | |
| 260 |
_aNagpur _bThe Central provinces _c1928 |
||
| 700 |
_aCENTRAL PROVINCES AND BERAR _9298220 |
||
| 942 |
_hx9(HZ):(Z.N23).N27-N50r, GD F8 _cGB _2CC |
||
| 999 |
_c592791 _d592791 |
||